000
00306nam a22001457a 4500
003
SGT
020
_a
9788131760291
082
_a
658.40
100
_a
ITL,ESL
245
_a
INTRODUCTION TO INFORMATION TECHNOLOGY
250
_a
2ND
260
_b
PEARSON INDIA
_c
2018
300
_a
757
942
_2
ddc
_c
BK
_0
1
999
_c
16339
_d
16339